00513nam a2200145Ia 4500008004100000041000800041100002500049245005700074260004300131300000900174500002500183700003900208999001900247952010100266250110s9999 xx 000 0 und d aeng aKapoor Saaya9211054 aTransitize: Re Imabining The Futur Of Urban Mobility bBNCA-M arch Digital Architecturec2024 a102p aDigital Architecture aGuide Name:Sardeshpande Dhanashree c364769d364769 00104070aBNCAbBNCAd2024-11-21l0pBNCA-PR-2269r2025-01-10 00:00:00w2025-01-10yPRzPR2269